| 000 | 00922nam a2200265Ia 4500 | ||
|---|---|---|---|
| 003 | OSt | ||
| 005 | 20221005110603.0 | ||
| 006 | a|||||r|||| 00| 0 | ||
| 007 | ta | ||
| 008 | 221004b |||||||| |||| 00| 0 hin d | ||
| 020 |
_a9788126317813 (hbk) _c130 |
||
| 024 | _a105587 | ||
| 037 |
_b0/00971-D5, 18/03/2011, Bharatiya Gyanpith _cTextual |
||
| 040 |
_aCRL _cCRL _bhin |
||
| 041 |
_2hin _ahin |
||
| 082 | _aO152,3N251x, J7;P9 | ||
| 100 | _aमोहन राकेश | ||
| 245 | 0 | _aनये बादल | |
| 246 | _aNaye bādala | ||
| 260 |
_aनई दिल्ली _bभारतीय ज्ञानपीठ भारत _c2009 |
||
| 300 |
_a140पृ0 _ccm. |
||
| 490 | _aलोकोदय ग्रन्थमाला; 50 | ||
| 942 |
_hO152,3N251x, J7;P9 _cTEXL _2cc |
||
| 999 |
_c1019292 _d1019292 |
||